| Tag |
First Indicator |
Second Indicator |
Subfields |
| LEADER |
00000cam a22000004a 4500 |
| 001 |
in00003390621 |
| 005 |
20190405194748.0 |
| 006 |
m d |
| 007 |
cr |||||||nn|n |
| 008 |
090217s2009 inu o d eng d |
| 010 |
|
|
|z 2009006762
|
| 020 |
|
|
|a 9780253003188
|
| 020 |
|
|
|a 0253003180
|
| 020 |
|
|
|z 9780253353252 (cloth : alk. paper)
|
| 020 |
|
|
|z 0253353254 (cloth : alk. paper)
|
| 020 |
|
|
|z 9780253220905 (pbk. : alk. paper)
|
| 020 |
|
|
|z 0253220904 (pbk. : alk. paper)
|
| 035 |
|
|
|a (MdBmJHUP)muse9780253003188
|
| 040 |
|
|
|a MdBmJHUP
|c MdBmJHUP
|d UtOrBLW
|
| 050 |
0 |
0 |
|a HM665
|b .M636 2009
|
| 082 |
0 |
0 |
|a 179/.9
|2 22
|
| 100 |
1 |
|
|a Mongoven, Ann,
|d 1962-
|
| 245 |
1 |
0 |
|a Just love :
|b transforming civic virtue /
|c Ann Mongoven.
|
| 264 |
|
1 |
|a Bloomington :
|b Indiana University Press,
|c [2009]
|
| 264 |
|
4 |
|c ©2009
|
| 300 |
|
|
|a 1 online resource (xiii, 422 pages :) :
|b illustrations
|
| 336 |
|
|
|a text
|b txt
|2 rdacontent
|
| 337 |
|
|
|a computer
|b c
|2 rdamedia
|
| 338 |
|
|
|a online resource
|b cr
|2 rdacarrier
|
| 504 |
|
|
|a Includes bibliographical references and index.
|
| 505 |
0 |
|
|a Invisible heroes : mad about MADD -- New calls for civic virtue, and calls for new civic virtues -- The dilemma of impartiality : legacy of the bishop and the chambermaid -- Impartiality-as-standpoint and lost (again) virtue -- Saving the baby from the bathwater : a turn to practice -- Impartiality-as-practice: the lesson of ordinary moral heroes -- Just love : the transformation of civic virtue -- Appendix : case studies.
|
| 588 |
|
|
|a Description based on print version record.
|
| 500 |
|
|
|a Electronic resource.
|
| 650 |
|
0 |
|a Moral conditions.
|
| 650 |
|
0 |
|a Social values.
|
| 650 |
|
0 |
|a Social ethics.
|
| 655 |
|
7 |
|a Electronic books.
|2 local
|
| 856 |
4 |
0 |
|u http://proxy.library.tamu.edu/login?url=http://muse.jhu.edu/books/9780253003188/
|z Connect to the full text of this electronic book
|t 0
|
| 999 |
|
|
|a MARS
|
| 999 |
f |
f |
|s 5813cac4-c349-325f-947a-723244277f76
|i 68029db0-7ce7-3f8f-af3b-c31a835882c5
|t 0
|
| 952 |
f |
f |
|a Texas A&M University
|b College Station
|c Electronic Resources
|d Available Online
|t 0
|e HM665 .M636 2009
|h Library of Congress classification
|
| 998 |
f |
f |
|a HM665 .M636 2009
|t 0
|l Available Online
|